Loading...
| Literature - American Literature | 3 | 3 | 1 | 0 | 70 | 32 | 82.00 | 3 | 6 |
| Literature - European Literature | 0 | 4 | 1 | 0 | 35 | 91 | 109.25 | 4 | 4 |
| Literature - World Literature | 2 | 1 | 1 | 0 | 35 | 70 | 83.00 | 3 | 3 |
| Literature - British Literature | 0 | 4 | 1 | 0 | 35 | 91 | 116.25 | 0 | 4 |
| Fine Arts - Auditory Fine Arts | 0 | 3 | 0 | 0 | 30 | 123 | 133.67 | 0 | 3 |
| History - European History | 0 | 2 | 0 | 0 | 20 | 96 | 101.00 | 1 | 2 |
| Science - Chemistry | 0 | 2 | 0 | 0 | 20 | 105 | 108.00 | 0 | 2 |
| Fine Arts - Visual Fine Arts | 0 | 2 | 0 | 0 | 20 | 95 | 97.50 | 0 | 2 |
| Science - Other Science | 0 | 2 | 1 | 0 | 15 | 99 | 111.00 | 1 | 2 |
| Science - Physics | 0 | 2 | 1 | 1 | 15 | 104 | 117.00 | 0 | 2 |
| Social Science- Edited | 0 | 1 | 0 | 0 | 10 | 82 | 82.00 | 1 | 1 |
| Mythology | 0 | 1 | 0 | 0 | 10 | 132 | 132.00 | 1 | 1 |
| Pop Culture | 0 | 1 | 0 | 1 | 10 | 134 | 134.00 | 0 | 1 |
| Philosophy | 0 | 1 | 1 | 0 | 5 | 113 | 113.00 | 1 | 1 |
| Science - Biology | 0 | 0 | 0 | 0 | 0 | 0.00 | 0 | 0 | |
| Mythology- Edited | 0 | 0 | 1 | 0 | -5 | 0.00 | 0 | 0 |